[Event "Robecchetto op-B 24th"]
[Site "Robecchetto"]
[Date "2013.12.29"]
[Round "4"]
[White "Cecchini, Massimo S"]
[Black "Messina, Gianmaria"]
[Result "1/2-1/2"]
[WhiteElo "1786"]
[BlackElo "1796"]
[PlyCount "118"]
[EventDate "2013.12.27"]
[EventType "swiss"]
[EventRounds "6"]
[EventCountry "ITA"]
[SourceTitle "EXT 2015"]
[Source "ChessBase"]
[SourceDate "2014.11.20"]
[SourceVersion "1"]
[SourceVersionDate "2014.11.20"]
[SourceQuality "1"]

1. d4 d5 2. Nf3 Nf6 3. c4 e6 4. a3 c6 5. cxd5 exd5 6. Nc3 Bd6 7. Bg5 0-0 8. e3 Bg4 9. Be2 Nbd7 10. 0-0 Qc7 11. h3 Bh5 12. Rc1 Qb8 13. b4 h6 14. Bxf6 Nxf6 15. Re1 a5 16. Qb3 axb4 17. axb4 Qd8 18. Na4 Bxf3 19. Bxf3 Qe7 20. b5 Bb4 21. Red1 cxb5 22. Nc5 Ba3 23. Rc2 b4 24. Rb1 Rac8 25. Nd3 b6 26. Rxc8 Rxc8 27. Nxb4 Bxb4 28. Qxb4 Rc1+ 29. Kh2 Qc7+ 30. g3 Qc2 31. Rxc1 Qxc1 32. Qxb6 Qf1 33. Qb2 Kh7 34. Qc2+ Kg8 35. Qe2 Qb1 36. Kg2 Kh7 37. Qd2 Qf5 38. Qb2 Qd7 39. Qb8 Kg6 40. Qe5 Kh7 41. g4 Kg8 42. Be2 Qc6 43. Qb8+ Kh7 44. Bd3+ g6 45. Qe5 Qe6 46. Qxe6 fxe6 47. Kg3 Kg7 48. h4 g5 49. f3 Nd7 50. Bb5 Nf8 51. e4 Ng6 52. hxg5 hxg5 53. Kf2 Kf7 54. Ke3 Ke7 55. e5 Nf4 56. Kd2 Nh3 57. Ba4 Ng1 58. Ke3 Nh3 59. Bb5 Nf4 1/2-1/2

[Event "ITA-ch sf 71st"]
[Site "Acqui Terme"]
[Date "2011.07.17"]
[Round "1"]
[White "Mogranzini, Roberto"]
[Black "Messina, Gianmaria"]
[Result "1-0"]
[WhiteElo "2425"]
[BlackElo "1796"]
[PlyCount "153"]
[EventDate "2011.07.17"]
[EventType "swiss"]
[EventRounds "9"]
[EventCountry "ITA"]
[SourceTitle "EXT 2013"]
[Source "ChessBase"]
[SourceDate "2012.11.22"]
[SourceVersion "1"]
[SourceVersionDate "2012.11.22"]
[SourceQuality "1"]

1. c4 e5 2. g3 Nc6 3. Nc3 f5 4. Nf3 Bc5 5. e3 e4 6. d4 Be7 7. Nd2 Nf6 8. a3 a5 9. Bg2 0-0 10. 0-0 d6 11. f3 exf3 12. Nxf3 Bd7 13. b3 Qe8 14. Ra2 Qh5 15. Nd5 Bd8 16. Nf4 Qh6 17. d5 Ne5 18. Nd4 Ne4 19. Rc2 Bg5 20. Qe1 Bxf4 21. exf4 Nd3 22. Qe3 Nxc1 23. Rfxc1 Rfe8 24. Qd3 Re7 25. Bxe4 Rxe4 26. Re2 Rae8 27. Rce1 Rxe2 28. Rxe2 Rxe2 29. Qxe2 Qf6 30. Qe3 b6 31. Kf2 h6 32. Ke2 Kf7 33. Kd2 g6 34. b4 axb4 35. axb4 g5 36. h3 Kf8 37. Kc2 Ba4+ 38. Kd3 Bd7 39. Kc3 Kf7 40. Kb3 Kf8 41. Ka3 Kf7 42. Ka2 Kf8 43. Kb3 Kf7 44. Kc2 Ba4+ 45. Kd3 Bd7 46. Qe2 Kg6 47. Qe1 Kf7 48. Qd1 Kg6 49. Qf3 Qe7 50. Qe2 Qf6 51. Qe3 Kf7 52. Ke2 Kf8 53. Kf2 Kf7 54. Qd2 Qe7 55. Nf3 g4 56. hxg4 fxg4 57. Nd4 Qe4 58. Qe3 Qh1 59. Qd3 Qh2+ 60. Ke1 Qg1+ 61. Kd2 Qf2+ 62. Ne2 Ba4 63. Qh7+ Ke8 64. Qxc7 Qf1 65. Qb8+ Ke7 66. Qa7+ Bd7 67. Qxb6 Qb1 68. Qe3+ Kf6 69. Qc3+ Kf7 70. b5 Bf5 71. Ke3 h5 72. Kf2 Kg6 73. Qh8 Qb4 74. Qe8+ Kf6 75. Qf8+ Kg6 76. Qg8+ Kf6 77. Qg5+ 1-0

[Event "Vanzaghello op-A 6th"]
[Site "Vanzaghello"]
[Date "2010.05.23"]
[Round "4"]
[White "Messina, Gianmaria"]
[Black "Capuzzimati, Fausto"]
[Result "1-0"]
[WhiteElo "1792"]
[BlackElo "1497"]
[PlyCount "63"]
[EventDate "2010.05.21"]
[EventType "swiss"]
[EventRounds "5"]
[EventCountry "ITA"]
[SourceTitle "EXT 2024"]
[Source "ChessBase"]
[SourceDate "2023.10.10"]
[SourceVersion "1"]
[SourceVersionDate "2023.10.10"]
[SourceQuality "1"]

1. e4 c5 2. Nc3 d6 3. g3 e5 4. Bg2 Nf6 5. d3 Nc6 6. h3 Be6 7. Nd5 Bd7 8. Ne2 Nxd5 9. exd5 Nd4 10. c3 Nxe2 11. Qxe2 Be7 12. 0-0 0-0 13. f4 Re8 14. f5 Bg5 15. h4 Bxc1 16. Raxc1 f6 17. g4 a6 18. Be4 Rf8 19. Qe3 Qe7 20. Rc2 Rf7 21. Rh2 Raf8 22. Kf2 g5 23. hxg5 fxg5 24. Rfh1 Rg7 25. Ke1 Rff7 26. Rh6 Rf6 27. R6h5 Rff7 28. R1h2 Be8 29. Qg1 Rxf5 30. Bxf5 Bxh5 31. Rxh5 b5 32. Qh1 1-0

[Event "Vanzaghello op 5th"]
[Site "Vanzaghello"]
[Date "2009.05.09"]
[Round "4"]
[White "Melino, Gianluca"]
[Black "Messina, Gianmaria"]
[Result "1-0"]
[WhiteElo "1804"]
[BlackElo "1666"]
[PlyCount "77"]
[EventDate "2009.05.08"]
[EventType "swiss"]
[EventRounds "5"]
[EventCountry "ITA"]
[SourceTitle "EXT 2011"]
[Source "ChessBase"]
[SourceDate "2010.11.26"]
[SourceVersion "1"]
[SourceVersionDate "2010.11.26"]
[SourceQuality "1"]

1. d4 f5 2. Bg5 h6 3. Bf4 e6 4. e4 g6 5. exf5 exf5 6. Qe2+ Be7 7. Be5 Rh7 8. Qc4 d5 9. Qb3 Bh4 10. Nf3 c6 11. Nbd2 Bf6 12. 0-0-0 b6 13. Re1 Kf8 14. Bxf6 Qxf6 15. Ne5 Be6 16. Qg3 g5 17. f4 Rg7 18. Qa3+ Qe7 19. Qc3 Qd6 20. fxg5 hxg5 21. h4 g4 22. Qe3 Bd7 23. Qf4 Qf6 24. Bd3 Ne7 25. g3 Be6 26. Rhf1 Nd7 27. Nxc6 Nxc6 28. Qd6+ Kf7 29. Qxc6 Re8 30. c3 Kg8 31. Rxf5 Qh6 32. Rfe5 Rge7 33. Rg5+ Kh8 34. Qd6 Nf8 35. Qe5+ Rg7 36. Rh5 Qxh5 37. Qxh5+ Rh7 38. Qxe8 Bf7 39. Qb8 1-0

[Event "Vanzaghello op 5th"]
[Site "Vanzaghello"]
[Date "2009.05.09"]
[Round "3"]
[White "Messina, Gianmaria"]
[Black "Palminteri, Vincenzo"]
[Result "1-0"]
[WhiteElo "1666"]
[BlackElo "1859"]
[PlyCount "87"]
[EventDate "2009.05.08"]
[EventType "swiss"]
[EventRounds "5"]
[EventCountry "ITA"]
[SourceTitle "EXT 2011"]
[Source "ChessBase"]
[SourceDate "2010.11.26"]
[SourceVersion "1"]
[SourceVersionDate "2010.11.26"]
[SourceQuality "1"]

1. d4 Nf6 2. Nf3 g6 3. Nbd2 Bg7 4. e4 d6 5. Be2 0-0 6. 0-0 b6 7. Re1 Bb7 8. Bd3 Nbd7 9. c4 Re8 10. Rb1 a5 11. a3 e5 12. d5 Qc8 13. Nf1 c6 14. Be3 cxd5 15. cxd5 Nxd5 16. Bb5 Nxe3 17. Rxe3 Bf8 18. Rc1 Qb8 19. Bxd7 Rd8 20. Bc6 f5 21. Qd5+ Kh8 22. Bxb7 Ra7 23. Bc6 Bh6 24. exf5 gxf5 25. Rd1 Rg7 26. Rxe5 Rdg8 27. Rxf5 Rxg2+ 28. Kh1 Qc7 29. Rf7 Qc8 30. Qf5 Qxf5 31. Rxf5 Rxf2 32. Ng3 Rxb2 33. Rxd6 Bf8 34. Rd8 Rb1+ 35. Kg2 Rb2+ 36. Kh3 Bxa3 37. Rxg8+ Kxg8 38. Bd5+ Kg7 39. Rf7+ Kg6 40. Nh4+ Kg5 41. Ne4+ Kh6 42. Kg4 Rb5 43. Nf5+ Kg6 44. Rg7# 1-0

[Event "Turbigo op"]
[Site "Turbigo"]
[Date "2008.05.10"]
[Round "4"]
[White "Melino, Gianluca"]
[Black "Messina, Gianmaria"]
[Result "0-1"]
[WhiteElo "1794"]
[BlackElo "1585"]
[PlyCount "70"]
[EventDate "2008.05.08"]
[EventType "swiss"]
[EventRounds "5"]
[EventCountry "ITA"]
[SourceTitle "EXT 2011"]
[Source "ChessBase"]
[SourceDate "2010.11.26"]
[SourceVersion "1"]
[SourceVersionDate "2010.11.26"]
[SourceQuality "1"]

1. d4 e6 2. e4 d5 3. exd5 exd5 4. Nf3 Bg4 5. Be2 Bd6 6. 0-0 Nd7 7. c3 c6 8. Re1 Qc7 9. h3 Bh5 10. Nh4 Bg6 11. Bg4+ Ne7 12. Nf5 Bxf5 13. Bxf5 0-0-0 14. Bd3 h6 15. b3 f5 16. Bf4 Rde8 17. Bxd6 Qxd6 18. Qf3 g6 19. Nd2 Nf6 20. c4 Ne4 21. Qd1 Qf4 22. Nf3 g5 23. Bxe4 fxe4 24. Ne5 Rhf8 25. Re2 h5 26. cxd5 Nxd5 27. Ng6 Qf5 28. Nxf8 Nc3 29. Qd2 Nxe2+ 30. Qxe2 Rxf8 31. Rf1 g4 32. f3 gxf3 33. gxf3 exf3 34. Qh2 Rg8+ 35. Kh1 Rg2 0-1

[Event "Turbigo op"]
[Site "Turbigo"]
[Date "2008.05.08"]
[Round "1"]
[White "Cervini, Gian Piero"]
[Black "Messina, Gianmaria"]
[Result "0-1"]
[WhiteElo "1771"]
[BlackElo "1585"]
[PlyCount "68"]
[EventDate "2008.05.08"]
[EventType "swiss"]
[EventRounds "5"]
[EventCountry "ITA"]
[SourceTitle "EXT 2011"]
[Source "ChessBase"]
[SourceDate "2010.11.26"]
[SourceVersion "1"]
[SourceVersionDate "2010.11.26"]
[SourceQuality "1"]

1. e4 d5 2. exd5 Qxd5 3. Nc3 Qd6 4. d4 Nf6 5. g3 c6 6. Bf4 Qb4 7. Qd2 Bf5 8. 0-0-0 e6 9. Nf3 Nbd7 10. Ne5 Be7 11. h4 Rd8 12. Nd3 Qxd4 13. Bh3 Ne4 14. Nxe4 Bxe4 15. Rhf1 Bf6 16. Be3 Qa4 17. Kb1 Qb5 18. Qb4 Bxd3 19. Qxb5 Bxb5 20. Rfe1 0-0 21. h5 h6 22. f4 Nb6 23. Rc1 Nc4 24. c3 Nxe3 25. Rxe3 Rd2 26. f5 Rh2 27. fxe6 Rxh3 28. c4 Rh2 29. Rce1 Rxb2+ 30. Kc1 Bxc4 31. e7 Re8 32. Rd1 Bd5 33. Ra3 a6 34. Re1 Rg2 0-1